000 00672nam a22002172 4500
001 0000008797
005 20151217152041.0
008 080605s xx 000 0 eng d
020 _cKES 400
040 _aKABU
_cKABU
100 1 _aNyamasyo, Gideon H. N.
_@0000159542
245 1 0 _aInvertebrate zoology for beginners /
_cGideon H. N. Nyamasyo, John H. Nderitu.
260 _aNairobi :
_bEquatops Trading,
_c2007.
300 _ax, 137 p.
650 0 _aInvertebrates.
_@0000155465
700 1 _aNderitu, John H.
_@0000159543
908 _a080605
950 _@1
999 _c7728
_d7728